| 000 | 00455nam a22001577a 4500 | ||
|---|---|---|---|
| 003 | OSt | ||
| 008 | 260427b |||||||| |||| 00| 0 eng d | ||
| 082 |
_a634.421 _bS33E |
||
| 100 | _aSharma, Subrat | ||
| 245 | _aEffect of Foliar Feeding of Potassium Zinc, Boron and Molybdenum on Guava (Psidium guajava Linn.) | ||
| 260 |
_aPusa, Samastipur _bRAU _c1991 |
||
| 300 | _a85P. | ||
| 502 |
_bMsc. _d1991 |
||
| 650 | _aFruit & Fruit Technology | ||
| 942 |
_2ddc _cT |
||
| 999 |
_c50215 _d50215 |
||